| 000 | 00356 a2200133 4500 | ||
|---|---|---|---|
| 040 |
_aDLC _bDLC |
||
| 082 | _a297.2 | ||
| 100 | _aSheikh Muhammad Allah Ditta. | ||
| 245 |
_aTasawaf _cSheikh Muhammad Allah Ditta. |
||
| 260 |
_aLahore : _bShirkat Printing Press, _c1984. |
||
| 300 |
_a367 p. ; _c24 cm. |
||
| 650 | _aSufism--Islam. | ||
| 942 |
_cBK _k297.2 SHE _2ddc |
||
| 999 |
_c7063 _d7063 |
||